| 000 | 01066nam a2200349 a 4500 | ||
|---|---|---|---|
| 003 | AR-BaBNM | ||
| 005 | 20251128205013.0 | ||
| 008 | 082120s2002 ||||||||||||||000 | spa|| | ||
| 020 | _a84-277-0845-9 | ||
| 040 | _cAR-BaBNM | ||
| 100 | 1 | _aPerosanz, María del Carmen | |
| 245 | 0 | 0 | _aTécnicas para analizar la solidaridad en la escuela |
| 260 |
_aMadrid _bNarcea _c1988 |
||
| 300 |
_a62 p. _btablas, diagr. |
||
| 490 | 0 |
_aApuntes I.E.P.S. _vv. 48 |
|
| 500 | _aI.E.P.S.: Instituto de Estudios Pedagógicos Somosaguas | ||
| 650 | 4 | _aSOLIDARIDAD | |
| 650 | 4 | _aCOMUNICACION | |
| 650 | 4 | _aPARTICIPACION | |
| 650 | 4 | _aMEJORA DE LA EDUCACION | |
| 650 | 4 | _aMEJORA PEDAGOGICA | |
| 650 | 4 | _aENSEÑANZA EN GRUPO | |
| 650 | 4 | _aTECNICAS DIDACTICAS | |
| 650 | 4 | _aANALISIS DE CONTENIDO | |
| 650 | 4 | _aCOHESION DEL GRUPO | |
| 650 | 4 | _aACTITUD DEL ALUMNO | |
| 651 | 4 | _aEspaña | |
| 653 | _aTEMAS TRANSVERSALES | ||
| 710 | 2 |
_aInstituto de Estudios Pedagógicos Somosaguas _bDepartamento de Ciencias de la Educación [Madrid] |
|
| 942 | _cBK | ||
| 998 | _csilvi | ||
| 999 |
_c9657 _d9657 |
||